00414nam a2200157 a 45000010005000000030009000050080041000140200015000550400028000700820018000981000016001162450042001322600038001743000011002126500033002238147CO-ViMGA141112s2004 ck r 000 u spa d a9581402578 aCO-ViMGAbspacCO-ViMGA04aCo863.44 P19n1 aPaz, Victor10aNaufragio en Mi Bemol / cPaz Victor  aBogotá, cPlaza y Janes, c1995 a206 p.14aNovela colombiana - siglo xx